|
|
|
|
| LEADER |
00000cam a2200000 7i4500 |
| 001 |
0000007714 |
| 002 |
000008284 |
| 005 |
20000330.0 |
| 020 |
|
|
|a 0721417590
|
| 090 |
0 |
0 |
|a JF
|b ALA
|
| 245 |
0 |
0 |
|a Aladdin, Ali Baba
|c retold by Molly Perham
|
| 260 |
|
|
|a Loughborough :
|b Ladybirds Books Ltd ,
|c 1995
|
| 300 |
|
|
|a 51p. :
|b ill. ;
|c 18cm.
|
| 490 |
0 |
|
|a Classic fables and legends
|
| 650 |
0 |
0 |
|a Children's stories
|
| 999 |
|
|
|a 052386
|b BUKU
|c PINJAMAN
|e PERPUSTAKAAN KOMUNITI CAW KOTA DAMANSARA
|
| 999 |
|
|
|a 052387
|b BUKU
|c PINJAMAN
|e PERPUSTAKAAN KOMUNITI PETALING JAYA
|
| 999 |
|
|
|a 055539
|b BUKU
|c PINJAMAN
|e PERPUSTAKAAN KOMUNITI PETALING JAYA
|
| 999 |
|
|
|a 055565
|b BUKU
|c PINJAMAN
|e PERPUSTAKAAN KOMUNITI PETALING JAYA
|